| Tag |
First Indicator |
Second Indicator |
Subfields |
| LEADER |
00000cam a2200000Ia 4500 |
| 001 |
in00002781602 |
| 006 |
m d |
| 007 |
cr cn||||||||| |
| 008 |
120215t20122013nyu ob 001 0 eng d |
| 005 |
20250816204137.2 |
| 010 |
|
|
|z 2012003463
|
| 020 |
|
|
|z 020314578X (ebook)
|
| 020 |
|
|
|z 0415897149 (hardcover)
|
| 020 |
|
|
|z 0415897157 (pbk.)
|
| 020 |
|
|
|z 9780203145784 (ebook)
|
| 020 |
|
|
|z 9780415897143 (hardcover)
|
| 020 |
|
|
|z 9780415897150 (pbk.)
|
| 035 |
|
|
|a (CaPaEBR)ebr10592821
|
| 040 |
|
|
|a CaPaEBR
|c CaPaEBR
|d UtOrBLW
|
| 050 |
1 |
4 |
|a PN1996
|b .B452 2012eb
|
| 082 |
0 |
4 |
|a 809.2/3
|2 23
|
| 100 |
1 |
|
|a Beker, Marilyn.
|
| 245 |
1 |
4 |
|a The screenwriter activist :
|b writing social issue movies /
|c Marilyn Beker.
|
| 264 |
|
1 |
|a New York :
|b Routledge,
|c 2012
|
| 264 |
|
4 |
|c ©2013
|
| 300 |
|
|
|a 1 online resource (xii, 186 pages)
|
| 336 |
|
|
|a text
|b txt
|2 rdacontent
|
| 337 |
|
|
|a computer
|b c
|2 rdamedia
|
| 338 |
|
|
|a online resource
|b cr
|2 rdacarrier
|
| 504 |
|
|
|a Includes bibliographical references and index.
|
| 500 |
|
|
|a Electronic resource.
|
| 650 |
|
0 |
|a Motion picture authorship
|x Social aspects.
|
| 650 |
|
0 |
|a Motion picture authorship
|x Political aspects.
|
| 655 |
|
7 |
|a Electronic books.
|2 local
|
| 710 |
2 |
|
|a ebrary, Inc.
|
| 856 |
4 |
0 |
|u https://ebookcentral.proquest.com/lib/tamucs/detail.action?docID=995735
|y Connect to the full text of this electronic book
|t 0
|
| 980 |
|
|
|a 120918
|b 125
|c USD
|e 125
|f YBP_EBR0000042581
|g 1
|
| 999 |
f |
f |
|s b4a4e0b3-694a-3523-8a9e-0785d539383f
|i 4c2c26b4-f1d3-306a-b356-a1eb7279268e
|t 0
|
| 999 |
|
|
|a MARS
|
| 952 |
f |
f |
|a Texas A&M University
|b College Station
|c Electronic Resources
|d Available Online
|t 0
|e PN1996 .B452 2012eb
|h Library of Congress classification
|
| 998 |
f |
f |
|a PN1996 .B452 2012eb
|t 0
|l Available Online
|